Normal view MARC view

Entry Personal Name

Number of records used in: 1

001 - CONTROL NUMBER

  • control field: 1235329

003 - CONTROL NUMBER IDENTIFIER

  • control field: OSt

005 - DATE AND TIME OF LATEST TRANSACTION

  • control field: 20260422100226.0

008 - FIXED-LENGTH DATA ELEMENTS

  • fixed length control field: 260422|| aca||aabn | a|a d

040 ## - CATALOGING SOURCE

  • Original cataloging agency: OSt
  • Transcribing agency: OSt

100 ## - HEADING--PERSONAL NAME

  • Personal name: Shah, Priyabala,
  • Dates associated with a name: 1920-

670 ## - SOURCE DATA FOUND

  • Source citation: Work cat.: (OSt)1848362: Shah, Priyabala, 1920-, Pauranic ritualism of the fifth century (Sri Viṣṇudharmottara) /, 1993.
Copyright @ Delhi University Library System